Представление документа в формате RUSMARC

ПолеНазваниеЗначение
  Тип записи a
  Библиографический уровень m
001 Контрольный номер 68da01a8af0540248e84664639a2bc80
005 Дата корректировки 20140621121213.6
010 Индекс ISBN __
a ISBN 5-8018-0068-9
200 Заглавие и сведения об ответственности 1_
a Заглавие Кадры предприятия.300 образцов должностных инструкций
e Сведения, относящиеся к заглавию Практ. пособие
f Первые сведения об ответственности Сост.:Д.Л.Щур,Л.В.Труханович
205 Сведения об издании __
b Дополнительные сведения об издании 3-е изд.,стереотип.
210 Выходные данные 1_
a Место издания М.
c Издательство Дело и сервис
d Дата издания 2001
215 Физическое описание __
a Объем 909 с.
300 Общие примечания __
a Общие примечания 3экз.
610 Ключевые слова 0_
a Ключевые слова кадровые службы
610 Ключевые слова 0_
a Ключевые слова кадры предприятия
610 Ключевые слова 0_
a Ключевые слова должностные инструкции
610 Ключевые слова 0_
a Ключевые слова 300
686 Индексы других классификаций __
a Классификационный индекс 65.9(2)24
2 Код системы rubbk
686 Индексы других классификаций __
a Классификационный индекс 65.9(2)245.6
2 Код системы rubbk
801 Источник записи _0
a Страна RU
b Организация РУК
c Дата составления 20020212
g Правила каталогизации PSBO
801 Источник записи _1
a Страна RU
b Организация РУК
c Дата составления 20020212
g Правила каталогизации PSBO
852 Данные о местонахождении __
j Шифр хранения ББК 65.9(2)24
i Авторский знак К13
901 Тип документа __
t Тип документа m
938 Служебная информация __
a Название организации Головной вуз
b Имя БД BOOK
c Название АИБС АИБС ИРБИС